00919 2200325 4500001002100000005001500021035002000036007000300056008004100059020002200100040002200122082001400144084001700158090002100175090002200196245005100218250003300269300004100302650001100343850001200354041000800366504003300374264003800407336002100445337003000466338002300496999002200519100003000541990002200571INLIS00000000084998520191106124919 a0010-0719000986ta190730s2019 yoia g | ind d a978-602-51410-8-9 aYOPDYOGbinderda04223a791.5 a791.5 HER w aDEP 791.5 HER w aCB-D.11 2019-102000aWayang :bedisi 2 /cpenulis, Herry Lisbijanto aEdisi kedua; Cetakan I, 2019 avii,68 halaman :bilustrasi ;c21 cm 4awayang aYOPDYOG0 aind aBibliografi: halaman [67]-6834aYogyakarta :bHistokultura,c2019 2rdacontentateks 2rdamediaatanpa perantara 2rdacarrieravolume aCB-D.11/2019-10200 aHerry Lisbijantoepenulis aCB-D.11/2019-1020